| 000 | 00458nam a22001577a 4500 | ||
|---|---|---|---|
| 003 | NUST | ||
| 038 | _asaima | ||
| 082 |
_a005 _bMCS |
||
| 100 |
_aNaveed, Sidra _935117 |
||
| 245 | _aMulti Robot User Interface Design Based on HCI Princples / | ||
| 260 |
_aIslamabad : _bMCS - NUST, _c2014 |
||
| 300 |
_a77 p. ; _c30cm. |
||
| 650 |
_aComputer Sciences-Multi Robot User Interface Design _935118 |
||
| 700 |
_aLt. Col. Dr. Naveed Rao _935119 |
||
| 942 |
_2ddc _cTHE |
||
| 999 |
_c540860 _d540860 |
||